Guidelines on efficacy data for the registration of pesticides for plant protection

Αποθηκεύτηκε σε:
Λεπτομέρειες βιβλιογραφικής εγγραφής
Συγγραφή απο Οργανισμό/Αρχή: Food and Agriculture Organization of the United Nations
Μορφή: Βιβλίο
Γλώσσα:English
Δημοσίευση: Rome : FAO, 1985
Θέματα:
Ετικέτες: Προσθήκη ετικέτας
Δεν υπάρχουν, Καταχωρήστε ετικέτα πρώτοι!

MARC

LEADER 00000nam a2200000 i 4500
001 1/11396
008 971006s1985 eng d
035 |1 ΠΑΡ  |a 1997  |l 10018238 
040 |a GR-MY-UA  |b gre  |e aacr 
041 0 |a eng 
082 0 |a 632.95042 
110 2 |a Food and Agriculture Organization of the United Nations. 
245 1 0 |a Guidelines on efficacy data for the registration of pesticides for plant protection /  |c Food and Agriculture Organization of the United Nations 
260 |a Rome :   |b FAO,   |c 1985 
300 |a 15 p. 
650 0 0 |a Pesticide resistance. 
852 |a INST  |b LESVOS  |e 19971006  |h 632.95042 FOO  |p 005100015667  |q 005100015667  |t BK  |y 0 
909 |a Λ  |b 026810 
922 |a 1ΕΛΗ  |b 199304  |c ΠΠ/3129 
970 |z 2000/06/ΟΙΚΟΝΟΜΟΠΟΥΛΟΥ ΧΡΙΣΤΙΝΑ